000
00269 a2200121 4500
000
nam a22 7a 4500
020
_a
978935606357
100
_a
Russell, Stuart
_9
85
245
_a
Artificial Intelligence
250
_a
4
260
_b
Pearson
_c
2022
264
_b
Pearson
999
_c
35945
_d
35945